Vista normal Vista MARC

Entrada Personal Name

Número de registros utilizados en: 1

001 - CONTROL NUMBER

  • control field: 41631

003 - CONTROL NUMBER IDENTIFIER

  • control field: OSt

005 - DATE AND TIME OF LATEST TRANSACTION

  • control field: 20240717150603.0

008 - FIXED-LENGTH DATA ELEMENTS

  • fixed length control field: 240717|| aca||aabn | a|a d

040 ## - CATALOGING SOURCE

  • Original cataloging agency: OSt
  • Transcribing agency: OSt

100 ## - HEADING--PERSONAL NAME

  • Personal name: Élodie, Richard

670 ## - SOURCE DATA FOUND

  • Source citation: Work cat.: (OSt)38193: Élodie, Richard autor, Amanda, ¡La vaca que no le gustaban sus manchas!









Instituto Departamental de Cultura del Meta - Red Departamental de Bibliotecas Públicas del Meta.